| 000 | 01562cam a2200397 a 4500 | ||
|---|---|---|---|
| 001 | 14055406 | ||
| 003 | OSt | ||
| 005 | 20140310184517.0 | ||
| 008 | 050728s2006 nyua c 000 1 eng | ||
| 010 | _a 2005021767 | ||
| 020 | _a9780545036146 | ||
| 020 | _a0545036143 | ||
| 040 |
_aDLC _cDLC _dDLC |
||
| 042 | _alcac | ||
| 050 | 0 | 0 |
_aPZ 7 _b.P27565Hig 2007 |
| 082 | 0 | 0 | _a[Fic] |
| 100 | 1 |
_aPatron, Susan, _d1948- _929495 |
|
| 245 | 1 | 4 |
_aThe higher power of Lucky / _cSusan Patron. |
| 250 | _a1st ed. | ||
| 260 |
_aNew York : _bAtheneum Books for Young Readers, _cc2007. |
||
| 300 |
_a134 p. : _bill. 23 cm. |
||
| 521 | _aG9 | ||
| 526 | _c1010 | ||
| 650 | 1 |
_aAbandoned children _vFiction. _929496 |
|
| 650 | 1 |
_aInterpersonal relations _vFiction. _929497 |
|
| 650 | 1 |
_aRunaways _vFiction. _929498 |
|
| 700 | 1 |
_aPhelan, Matt , _eill. _929499 |
|
| 856 | 4 | 1 |
_3Table of contents _uhttp://www.loc.gov/catdir/toc/ecip0517/2005021767.html |
| 856 | 4 | 2 |
_3Publisher description _uhttp://www.loc.gov/catdir/enhancements/fy0668/2005021767-d.html |
| 856 | 4 | 1 |
_3Sample text _uhttp://www.loc.gov/catdir/enhancements/fy0703/2005021767-s.html |
| 856 | 4 | 2 |
_3Contributor biographical information _uhttp://www.loc.gov/catdir/enhancements/fy1107/2005021767-b.html |
| 906 |
_a7 _bcbc _corignew _d1 _eecip _f20 _gy-gencatlg |
||
| 942 |
_2lcc _cBK-SCHOLAS |
||
| 999 |
_c34961 _d34961 |
||